000 00716nam a2200217 a 4500
001 BRL_443
005 20190320210738.0
008 130813s1982----mx-a######---#000-0#spa-#
041 _aspa
044 _amx
050 4 _aBX1425
_b.G66 1982
100 1 _aGonzález Dávila, Gil
_923927
245 1 0 _aTeatro eclesiástico de la primitiva iglesia de la Nueva España en las Indias Occidentales
_cGil González Dávila
260 _aCiudad de México
_bCentro de Estudios de historia de México, Condumex, Chimalistac
_c1982
300 _a308 p.
_bil.
_c37 cm.
500 _aAu486
650 1 4 _aClero
_zAmérica Latina
_923928
650 1 4 _aIglesia católica
_zAmérica Latina
_923929
902 _aGRL
942 _2lcc
_cB
999 _c9255
_d9255